00418pab a2200157 454500008004000000100001600040245006800056260000900124300001100133362001000144650001600154650001500170700001600185700002500201773003400226180718b2012 xxu||||| |||| 00| 0 eng d aNarayana A. aLokpal Bill: Lessons from the Karnataka Lokayukta's performance c2012 a12-16. a7 Jan aLokpal bill aCorruption aVikas Kumar aKrishnaswamy, Sudhir aEconomic and Political Weekly